Szybki symbol do pierwiastka - Statystyki

Ogólne statystyki
  • Ten quiz został rozwiązany 21 razy
  • Średni wynik to 55 z 118
Statystyki odpowiedzi
Pierwiastek Symbol % Poprawnych
Argon Ar
100%
Bor B
100%
Beryl Be
100%
Brom Br
100%
Węgiel C
100%
Wapń Ca
100%
Chlor Cl
100%
Kobalt Co
100%
Fluor F
100%
Żelazo Fe
100%
Gal Ga
100%
German Ge
100%
Wodór H
100%
Hel He
100%
Lit Li
100%
Magnes Mg
100%
Mangan Mn
100%
Azot N
100%
Neon Ne
100%
Nikiel Ni
100%
Tlen O
100%
Siarka S
100%
Selen Se
100%
Glin Al
93%
Chrom Cr
93%
Miedź Cu
93%
Potas K
93%
Krypton Kr
93%
Soda Na
93%
Rubid Rb
93%
Krzem Si
93%
Stront Sr
93%
Arsen As
87%
Folfor P
87%
Tytan Ti
87%
Cynk Zn
87%
Srebro Ag
80%
Wanad V
80%
Ruten Ru
73%
Ind In
67%
Molibden Mo
67%
Niob Nb
67%
Technet Tc
67%
Bar Ba
60%
Kadm Cd
60%
Jod I
60%
Skand Sc
60%
Itr Y
60%
Cer Ce
47%
Europ Eu
47%
Cyna Sn
47%
Lantan La
40%
Ołów Pb
40%
Pallad Pd
40%
Polon Po
40%
Prazeodym Pr
40%
Ksenon Xe
40%
Złoto Au
33%
Rad Ra
33%
Dysproz Dy
27%
Frans Fr
27%
Gadolin Gd
27%
Neodym Nd
27%
Promet Pm
27%
Samar Sm
27%
Terb Tb
27%
Tellur Te
27%
Wolfram W
27%
Astat At
20%
Bizmut Bi
20%
Cez Cs
20%
Erb Er
20%
Rtęć Hg
20%
Holm Ho
20%
Platyna Pt
20%
Radon Rn
20%
Tal Tl
20%
Cyrkon Zr
20%
Aktyn Ac
13%
Ameryk Am
13%
Bohr Bh
13%
Einstein Es
13%
Hafn Hf
13%
Iryd Ir
13%
Lutet Lu
13%
Nobel No
13%
Neptun Np
13%
Osm Os
13%
Pluton Pu
13%
Ren Re
13%
Rod Rh
13%
Tantal Ta
13%
Tor Th
13%
Uran U
13%
Berkel Bk
7%
Kaliforn Cf
7%
Kiur Cm
7%
Kopernik Cn
7%
Dubn Db
7%
Darmsztad Ds
7%
Flerow Fl
7%
Ferm Fm
7%
Has Hs
7%
Lawren Lr
7%
Liwermor Lv
7%
Moscow Mc
7%
Mendelew Md
7%
Meitner Mt
7%
Nihon Nh
7%
Protaktyn Pa
7%
Rutherford Rf
7%
Rentgen Rg
7%
Antymon Sb
7%
Seaborg Sg
7%
Tul Tm
7%
Iterb Yb
7%
Oganeson Og
0%
Tenes Ts
0%
Nie znaleziono quizów pasujących do podanych kryteriów
Rozkład punktacji
Procent ludzi z każdym wynikiem
Percentyl według liczby udzielonych odpowiedzi
Twoja historia wyników
Nie rozwiązałeś tego quizu